000 00601nam a2200217Ia 4500
003 OSt
005 20221007071945.0
006 a|||||r|||| 00| 0
007 ta
008 221006b |||||||| |||| 00| 0 eng d
024 _a25,196
037 _cReports / Technical Reports
040 _aFLL
_cFLL
_beng
041 _2eng
_aeng
082 _aZ3,87t, J5
245 0 _aAdministrative tribunals and enquires
260 _aLondon
_bMajesty's stationery office UK
_c1955
300 _av,114p
_ccm.
942 _hZ3,87t, J5
_cREP
_2CC
999 _c1144783
_d1144783